000 01029cam a2200325M 4500
001 ocn472315305
003 TZ-ArACH
005 20230116123817.0
008 091109nuuuuuuuuxx 000 0 eng d
020 _a9780873489959
020 _a0873489950
035 _a(OCoLC)472315305
_z(OCoLC)975295801
040 _aTOH
_beng
_cTZ-ArACH
043 _af-uv---
049 _aTZAA
050 _aDT555
_b.S25 2007
100 1 _aSankara, Thomas.
245 1 0 _aNous sommes les heritiers des revolutions du monde :
_bdiscours 1983-1987.
260 _aNew York, NY :
_bPathfinder Press,
_c2008.
504 _aIllustrations
650 7 _aEconomic history.
_2fast
_915849
650 7 _aPolitics and government.
_2fast
650 7 _aSocial conditions.
_2fast
651 0 _aBurkina Faso
_xPolitics and government.
651 0 _aBurkina Faso
_xEconomic conditions.
651 0 _aBurkina Faso
_xSocial conditions.
651 6 _aBurkina Faso
_xPolitique et gouvernement.
651 7 _aBurkina Faso.
_2fast
_911408
942 _2lcc
_cBOOK
999 _c6791
_d6791